| 000 | 00608nam a2200181 4500 | ||
|---|---|---|---|
| 001 | 112387 | ||
| 003 | ES-MaACL | ||
| 005 | 20231229062529.0 | ||
| 007 | t| | ||
| 008 | 061121s1928 sp r ||||1| spa d | ||
| 100 | 1 |
_aOrtega y Gasset, José, _d1883-1955 _987503 |
|
| 245 | 1 | 0 |
_aEstudios filosóficos / _cJosé Ortega y Gasset. |
| 260 |
_aMadrid : _bArtes de la Ilustración, _c1928. |
||
| 300 |
_a244 p. ; _c19 cm. |
||
| 505 | 8 | _aContiene: El tema de nuestro tiempo. El ocaso de las revoluciones. El sentido histórico de la teoría de Einstein | |
| 852 |
_aES-MaACL _jF-12561 |
||
| 999 |
_c112387 _d112387 |
||